ABC of judgment writing (Record no. 396149)

MARC details
000 -LEADER
fixed length control field 00506 a2200193 4500
005 - DATE & TIME
control field 20260216150854.0
008 - FIXED-LENGTH DATA ELEMENTS--GENERAL INFORMATION
fixed length control field 260216b |||||||| |||| 00| 0 eng d
020 ## - ISBN
International Standard Book Number 9788196175160
Price Rs. 325.00
040 ## - CATALOGING SOURCE
Original cataloging agency VIVEKANANDA LIBRARY
082 ## - DDC NUMBER
Classification number 347.077
Book Number B469A
100 ## - MAIN ENTRY--PERSONAL NAME
Personal name Bhargav, L K
245 ## - TITLE STATEMENT
Title ABC of judgment writing
260 ## - PUBLICATION, DISTRIBUTION, ETC. (IMPRINT)
Name of publisher, distributor, etc Integrity Education India
Date of publication, distribution, etc 2023
Place of publication, distribution, etc New Delhi
300 ## - PHYSICAL DESCRIPTION
Pages 240
650 ## - Subject
Subject Judgements- Authorship
650 ## - Subject
Subject Legal Composition
700 ## - Added Entry Personal Name
Added Entry Personal Name Joshi, Man Mohan
942 ## - ADDED ENTRY ELEMENTS (KOHA)
Koha item type Books
Holdings
Withdrawn status Lost status Source of classification or shelving scheme Damaged status Not for loan Location (home branch) Sublocation or collection (holding branch) Shelving location Date acquired Koha issues (times borrowed) Koha full call number Accession No. Koha date last seen Koha item type
    Dewey Decimal Classification     VIVEKANANDA LIBRARY VIVEKANANDA LIBRARY Law Library 02/02/2026   347.077 B469A 377881 02/02/2026 Books
    Dewey Decimal Classification     VIVEKANANDA LIBRARY VIVEKANANDA LIBRARY Law Library 02/02/2026   347.077 B469A 377884 02/02/2026 Books
    Dewey Decimal Classification     VIVEKANANDA LIBRARY VIVEKANANDA LIBRARY Law Library 02/02/2026   347.077 B469A 377882 02/02/2026 Books
    Dewey Decimal Classification     VIVEKANANDA LIBRARY VIVEKANANDA LIBRARY Law Library 02/02/2026   347.077 B469A 377883 02/02/2026 Books
© Designed and Maintained by Vivekananda Library, MDU Rohtak